Normal view
MARC view
Entry Personal Name
001 - CONTROL NUMBER
- control field: 24452
003 - CONTROL NUMBER IDENTIFIER
- control field: dpl
005 - DATE AND TIME OF LATEST TRANSACTION
- control field: 20101125121020.0
008 - FIXED-LENGTH DATA ELEMENTS
- fixed length control field: 101125|||a|||||| | ||| d
040 ## - CATALOGING SOURCE
- Original cataloging agency: dpl
- Transcribing agency: dpl
100 ## - HEADING--PERSONAL NAME
- Personal name: Srivastava, Yash
670 ## - SOURCE DATA FOUND
- Source citation: Work cat.: (dpl)35469: Sharma, H. P. 24451, Upkar's national defence academy examination /, 201?
670 ## - SOURCE DATA FOUND
- Source citation: Work cat.: (dpl)35469: Sharma, H. P. 24451, Upkar's national defence academy examination /, 201?
